Sports Quiz

Random Sports or Basketball Quiz

UNC Hall of Famers Quiz Stats

 Plays Quiz not verified by Sporcle

Challenge
Share
Tweet
Embed
Score 0/9 Timer 02:00
0 Plays Today
Year Inducted % Correct
2009Michael Jordan
98%
2003James Worthy
87.1%
1983Dean Smith
85.3%
2007Roy Williams
64.3%
1986Billy Cunningham
44.6%
2000Bob McAdoo
42%
2002Larry Brown
38.4%
1977Frank McGuire
33.5%
1970Ben Carnevale
4.7%

You're not logged in!

Compare scores with friends on all Sporcle quizzes.
Join for Free
OR
Log In

You Might Also Like...

Show Comments

Extras

Top Quizzes Today


Score Distribution

Your Account Isn't Verified!

In order to create a playlist on Sporcle, you need to verify the email address you used during registration. Go to your Sporcle Settings to finish the process.

Report this User

Report this user for behavior that violates our Community Guidelines.

Details: